Statistics for Countries By Sports That Originated There

Click here to take the quiz!

General Stats

  • This quiz has been taken 75 times
  • The average score is 7 of 11

Answer Stats

HintAnswer% Correct
CricketUnited Kingdom
99%
FootballUnited Kingdom
93%
JudoJapan
89%
HockeyCanada
79%
VolleyballUnited States
76%
BadmintonUnited Kingdom
72%
TennisFrance
70%
ChessIndia
66%
WrestlingFrance
23%
CarromIndia
23%
ArcheryGermany
18%

Score Distribution

Percentile by Number Answered

Percent of People with Each Score

Your Score History

You have not taken this quiz